| 000 | 00751nam a2200217Ia 4500 | ||
|---|---|---|---|
| 003 | GCL | ||
| 008 | 140319s9999 xx 000 0 ara d | ||
| 040 |
_aGCL / _cGCL |
||
| 082 | 0 | 4 |
_a272.6 _bب ت |
| 100 | 1 | _aصموئيل حبيب | |
| 245 | 1 | 0 |
_aتفسير العهد الجديد : رسائل فيلبى وكولوسكى وتسالونيكى / _cصموئيل حبيب |
| 700 | 1 | _aبطرس عبدالملك | |
| 700 | 1 | _aباركلى ،وليم | |
| 250 | _aالثانية | ||
| 260 |
_aالقاهرة : _bدار الثقافة المسيحية ، _c1979 |
||
| 300 |
_a262 ص ؛ _c24سم |
||
| 490 |
_aتفسير العهد الجديد _v0 |
||
| 650 | 0 | 4 | _aالعهد الجديد |
| 650 | 0 | 4 | _aالدين المسيحى |
| 942 |
_2ddc _cBK |
||
| 999 |
_c45875 _d45875 |
||